Capital Cities - Sudden Death #2 - Statistics

General Stats
  • This quiz has been taken 111 times
  • The average score is 12 of 16
Answers on the Grid
Answers color-coded by a green-red scale on the quiz's grid according to % correct below.
Abuja
Ankara
Auckland
Barranquilla
Belém
Berlin
Bishkek
Bogotá
Brisbane
Busan
Calgary
Canberra
Casablanca
Chicago
Frankfurt
Hanoi
Kaliningrad
Kano
Manchester
Mbabane
Milan
Munich
Ottawa
Paris
Rabat
San José
Santiago
Sarajevo
Shanghai
Tokyo
Yangon
Zagreb
 
Answer Stats
Answer % Correct
Berlin
91%
Ankara
88%
Tokyo
88%
Paris
87%
Bogotá
86%
Zagreb
85%
Canberra
84%
Ottawa
81%
Sarajevo
81%
Santiago
79%
Hanoi
73%
Rabat
72%
Abuja
65%
Bishkek
65%
San José
59%
Mbabane
50%
No matching quizzes found
Score Distribution
Percent of People with Each Score
Percentile by Number Answered
Your Score History
You have not taken this quiz